=LDR 00000nam 2200000 4500 =001 INLIS000000000043877 =005 20131008103927 =008 ***********************************ind** =035 ##$$0010-101300000001799 =041 ##$$a ind =082 ##$$a F.Rom.K =090 ##$$a F.Rom.K, Har k =100 ##$$a Harjana HP =245 ##$$a Ketam yang berakal, Harjana HP =260 ##$$a 2001 $b Jakarta =300 ##$$a 16 hlm, ilus, 19 cm =650 ##$$a Fiksi Kanak-kanak =850 ##$$a NBPNMAT